Escrits per a educadors : Jean Piaget i la psicologia genètica / Jean Piaget ; traducció d'Andreu Roca ; introducció i tria de textos de Cèsar Coll Jean Piaget i la psicologia genètica / Jean Piaget ; traducció d'Andreu Roca ; introducció i tria de textos de Cèsar Coll
Descripción Física:
XXXIX, 295 p. ; 20 cm
Colección:
Textos pedagògics ; 4
Materias:
Pedagogia
MARC
| LEADER | 00000nam a2200000Ia 4500 | ||
|---|---|---|---|
| 001 | 1938 | ||
| 008 | 160829s1985 xx 000 0 cat d | ||
| 080 | |a E-1-123 | ||
| 100 | |a Piaget, Jean |9 37024 | ||
| 245 | |a Escrits per a educadors : |b Jean Piaget i la psicologia genètica / Jean Piaget ; traducció d'Andreu Roca ; introducció i tria de textos de Cèsar Coll | ||
| 260 | |a Vic : |b Eumo ; Barcelona : |b Diputació de Barcelona, |c 1985 | ||
| 300 | |a XXXIX, 295 p. ; |c 20 cm | ||
| 490 | |a Textos pedagògics ; 4 | ||
| 650 | |a Pedagogia |9 35391 | ||
| 700 | |a Roca, Andreu, tr. |9 22874 | ||
| 700 | |a Coll, César, pr. |9 37025 | ||
| 710 | 1 | |a Barcelona (Catalunya : Província). |b Diputació |9 52408 | |
| 901 | |a Arxiu | ||
| 942 | |n 1 | ||
| 952 | |0 0 |1 0 |4 0 |6 E1123 |7 1 |9 47608 |a Arxiu |b Arxiu |d 2016-12-01 |l 0 |o E-1-123 |p 1938 |r 2016-12-01 00:00:00 |w 2016-12-01 |y ARXIU | ||
| 999 | |c 51407 |d 51407 | ||